Daily Capital City Riddle #111 - Statistics

General Stats
  • This quiz has been taken 38 times
  • The average score is 29 of 37
Answer Stats
Type Answer % Correct
Found Letter A
100%
Alphabet Letter D
100%
Found Letter I
100%
Found Letter N
100%
Found Letter O
100%
Found Letter S
100%
Found Letter T
100%
Correctly Placed Letter A
97%
Alphabet Letter E
97%
Alphabet Letter G
97%
Alphabet Letter R
97%
Alphabet Letter B
94%
Alphabet Letter M
94%
Alphabet Letter C
91%
Found Letter H
91%
Alphabet Letter U
91%
Alphabet Letter W
91%
Alphabet Letter K
88%
Alphabet Letter L
88%
Correctly Placed Letter S
76%
Alphabet Letter V
76%
Alphabet Letter Y
76%
Alphabet Letter P
73%
Correctly Placed Letter I
70%
Correctly Placed Letter N
70%
Correctly Placed Letter O
70%
Alphabet Letter X
70%
Found Letter J
67%
Alphabet Letter Z
67%
Alphabet Letter F
58%
Alphabet Letter Q
58%
Correctly Placed Letter T
58%
Correctly Placed Letter H
52%
Correctly Placed Letter J
48%
Correctly Placed Letter N
48%
Correctly Placed Letter S
48%
Mystery Capital Saint John's
48%
No matching quizzes found
Score Distribution
Percent of People with Each Score
Percentile by Number Answered
Your Score History
You have not taken this quiz